A Cape of Asia (Record no. 27814)
[ view plain ]
| 000 -LEADER | |
|---|---|
| fixed length control field | 00676nam a2200121Ia 4500 |
| 008 - FIXED-LENGTH DATA ELEMENTS--GENERAL INFORMATION | |
| fixed length control field | 220620s9999||||xx |||||||||||||| ||und|| |
| 100 ## - MAIN ENTRY--PERSONAL NAME | |
| Personal name | Wesseling, H.L. |
| 245 #2 - TITLE STATEMENT | |
| Title | A Cape of Asia |
| Remainder of title | Essays on European History |
| 546 ## - LANGUAGE NOTE | |
| Language note | English[eng] |
| 650 ## - SUBJECT ADDED ENTRY--TOPICAL TERM | |
| Topical term or geographic name entry element | history||Colonialism||Ethnic groups in Europe||Europe||Fin de siècle||France||Imperialism||Johan Huizinga||Netherlands |
| 856 ## - ELECTRONIC LOCATION AND ACCESS | |
| Uniform Resource Identifier | <a href="https://library.oapen.org/bitstream/20.500.12657/32752/1/606218.pdf||https://library.oapen.org/bitstream/20.500.12657/32752/1/606218.pdf||https://library.oapen.org/bitstream/20.500.12657/32752/1/606218.pdf||https://library.oapen.org/bitstream/20.500.12657/32752/1/606218.pdf">https://library.oapen.org/bitstream/20.500.12657/32752/1/606218.pdf||https://library.oapen.org/bitstream/20.500.12657/32752/1/606218.pdf||https://library.oapen.org/bitstream/20.500.12657/32752/1/606218.pdf||https://library.oapen.org/bitstream/20.500.12657/32752/1/606218.pdf</a> |
| 942 ## - ADDED ENTRY ELEMENTS (KOHA) | |
| Koha item type | E-Books |
| Withdrawn status | Lost status | Damaged status | Not for loan | Home library | Current library | Date acquired | Total Checkouts | Date last seen | Price effective from | Koha item type |
|---|---|---|---|---|---|---|---|---|---|---|
| Kerala University of Digital Sciences, Innovation and Technology Knowledge Centre | Kerala University of Digital Sciences, Innovation and Technology Knowledge Centre | 20/06/2022 | 20/06/2022 | 20/06/2022 | E-Books |